Hľadá vlastný štýl

Bibliographic Details
Main Author: Podracký, Igor, 1946-2013 (Author)
Format: Article
Language:Slovak
Subjects:

MARC

LEADER 00000nab a2200000 a 4500
001 vtls000001562
003 SK-MaSNL
005 20260304004559.0
008 111103c1978 xo 0 slo
015 |a SNBRB19rr/mm-uuuuu 
035 |a CL0011654 
040 |a SNKBUCL  |b slo  |c SNKBUCL  |e AACR2 
041 0 |a slo 
044 |a xo  |c SK 
080 |a 78  |2 1981 
100 1 |a Podracký, Igor,  |d 1946-2013  |4 aut  |9 234497 
245 1 0 |a Hľadá vlastný štýl  |c Igor Podracký 
600 1 7 |a Oistrach, Igor Davidovič,  |d 1931-  |2 snkbucl  |9 5528 
650 0 7 |a koncerty  |2 snkbucl  |9 19182 
651 7 |a Bratislava (Slovensko)  |2 snkbucl 
655 7 |a články z novín a časopisov  |2 snkbucl  |9 267496 
773 0 |t Večerník  |g Roč. 23, č. 108 (5. 6. 1978), s. 5 
850 |a Slovenská národná knižnica v Martine  |a MTA001 
852 |a SNK  |b KIS3GCP 
958 |a RK 
992 |a RBX 
999 |c 2552021  |d 2553951